| 000 | 00543nam a2200229Ia 4500 | ||
|---|---|---|---|
| 003 | OSt | ||
| 005 | 20221005115819.0 | ||
| 006 | a|||||r|||| 00| 0 | ||
| 007 | ta | ||
| 008 | 221004b |||||||| |||| 00| 0 eng d | ||
| 024 | _a58142 | ||
| 037 | _cTextual | ||
| 040 |
_aCRL _cCRL _beng |
||
| 041 |
_2eng _aeng |
||
| 082 | _aV2:24:N4, H41 | ||
| 100 | _aBeni Prasad | ||
| 245 | 0 | _aCommunal settlement | |
| 260 | _c1944 | ||
| 650 | _aHISTORY | ||
| 942 |
_hV2:24:N4, H41 _cTEXL _2cc |
||
| 999 |
_c1035979 _d1035979 |
||